Microsoft Dynamics CRM 2011 step by step / (Record no. 59462)
[ view plain ]
| 000 -LEADER | |
|---|---|
| fixed length control field | 01660nam a22003137a 4500 |
| 005 - DATE AND TIME OF LATEST TRANSACTION | |
| control field | 20111215102338.0 |
| 010 ## - LCCN (DPL NO) | |
| LC control number | ENG-104343 B-490252-253 |
| 020 ## - INTERNATIONAL STANDARD BOOK NUMBER | |
| International Standard Book Number | 9788120344631 |
| Terms of availability | 425.00 |
| 035 ## - SYSTEM CONTROL NUMBER | |
| System control number | EN -87876 B-490252-253 |
| 037 ## - SOURCE OF ACQUISITION | |
| Source of stock number/acquisition | DBAD/PUB |
| 037 ## - SOURCE OF ACQUISITION | |
| Source of stock number/acquisition | Prabhat Prakashan |
| 037 ## - SOURCE OF ACQUISITION | |
| Source of stock number/acquisition | Prabhat Prakashan/Ven |
| 082 ## - DEWEY DECIMAL CLASSIFICATION NUMBER | |
| Classification number | 658.812028553 |
| 100 ## - MAIN ENTRY--PERSONAL NAME | |
| Personal name | Snyder, Mike |
| 245 ## - TITLE STATEMENT | |
| Title | Microsoft Dynamics CRM 2011 step by step / |
| Statement of responsibility, etc | by Mike Snyder, Jim Steger [and] Brendan Landers |
| 260 ## - PUBLICATION, DISTRIBUTION, ETC. (IMPRINT) | |
| Place of publication, distribution, etc | New Delhi |
| Name of publisher, distributor, etc | PHI Learning |
| Date of publication, distribution, etc | 2012 |
| 270 ## - ADDRESS | |
| Address | M-97, Connaught Circus |
| City | New Delhi |
| Postal code | 110001 |
| 300 ## - PHYSICAL DESCRIPTION | |
| Extent | xxvi, 417p. |
| Dimensions | 23cm(pbk) |
| Other physical details | ill. |
| 500 ## - GENERAL NOTE | |
| General note | Includes index |
| 650 ## - SUBJECT ADDED ENTRY--TOPICAL TERM | |
| Topical term or geographic name as entry element | Customer relations |
| General subdivision | Management |
| -- | Computer programs. |
| 650 ## - SUBJECT ADDED ENTRY--TOPICAL TERM | |
| Topical term or geographic name as entry element | Customer relations |
| General subdivision | Data processing |
| -- | Computer programs. |
| 700 ## - ADDED ENTRY--PERSONAL NAME | |
| 9 (RLIN) | 36394 |
| Personal name | Steger, Jim |
| 700 ## - ADDED ENTRY--PERSONAL NAME | |
| Personal name | Landers, Brendan. |
| 9 (RLIN) | 36956 |
| 942 ## - ADDED ENTRY ELEMENTS (KOHA) | |
| Source of classification or shelving scheme | Dewey Decimal Classification |
| Item type | English Books |
| Call number suffix | SNY |
| Classification part | 658.812028553 |
| Withdrawn status | Lost status | Not for loan | Collection code | Home library | Current library | Date acquired | Source of acquisition | Cost, normal purchase price | Full call number | Barcode | Copy number | Cost, replacement price | Koha item type |
|---|---|---|---|---|---|---|---|---|---|---|---|---|---|
| Not For Loan | Non-fiction | D.B.Act.Division | D.B.Act.Division | 15/12/2011 | DBAD / PUB | 425.00 | 658.812028553 SNY | EN -87876 | 1 | 425.00 | English Books | ||
| Non-fiction | Sarojini Nagar | Sarojini Nagar | 13/02/2013 | Prabhat Prakashan/L2703/03.01.2013/125/03.01.2013/09.01.2013 | 425.00 | 658.812028553 SNY | B-490252 | 1 | 425.00 | English Books | |||
| Non-fiction | Vinoba Puri | Vinoba Puri | 13/02/2013 | Prabhat Prakashan/L2703/03.01.2013/125/03.01.2013/09.01.2013 | 425.00 | 658.812028553 SNY | B-490253 | 1 | 425.00 | English Books |
